000 00475nam a2200169Ia 4500
999 _c19813
_d19813
003 OSt
005 20200609100751.0
008 190216s9999||||xx |||||||||||||| ||und||
020 _a0582484901
040 _coclc
082 _a327.4304
_bHID/G
100 _aHiden, John
_92654
245 0 _aGermany And Europe 1919-1939 /
_cJohn Hiden
260 _bLongmans,
_c1977.
_aLondon:
300 _a183p
942 _cBK
_2ddc
_h327.4304
_iHID/G
_k327.4304
_mHID/G